| 000 | 00596cam a2200229 4500 | ||
|---|---|---|---|
| 008 | 090401t1997 xxu||||| |||| 00| 0 eng d | ||
| 020 | _a1860811744 | ||
| 035 | _a(Sirsi) u82706 | ||
| 041 | _aeng | ||
| 050 | _a690 | ||
| 110 | _aBuilding Research Establishment | ||
| 245 | 4 | _aThe response of structures to dynamic crowd loads. | |
| 260 |
_aLondon _bCRC Ltd. _c1997 |
||
| 300 | _a12p. ; 30cm. | ||
| 350 | _a0 | ||
| 490 |
_aBRE Digest _v426 |
||
| 650 | _aCROWD LOADS | ||
| 650 | _aDYNAMIC LOADS | ||
| 690 | _aBUILT ENVIRONMENT-CONSTRUCTION DESIGN | ||
| 942 | _n0 | ||
| 948 | _c16/12/1997 | ||
| 999 |
_c96818 _d96818 |
||